PSG's Ideal Starting 11 - Statistics

General Stats
  • This quiz has been taken 491 times
    475 since last reset
  • The average score is 7 of 11
Answer Stats
Position Player % Correct
LAM Neymar
88%
LF Mbappe
87%
CB Marquinhos
73%
RF Cavani
72%
CB Silva
72%
RAM Di Maria
60%
GK Areola
47%
RB Alves
40%
LB Kurzawa
38%
CM Veratti
38%
CAM Draxler
35%
No matching quizzes found
Score Distribution
Percent of People with Each Score
Percentile by Number Answered
Your Score History
You have not taken this quiz since the last reset